Sự kỳ diệu của sinh học: Bộ xương

Sparad:
Bibliografiska uppgifter
Huvudupphovsman: D Harper
Materialtyp: Bok
Språk:Undetermined
Publicerad: H. Văn Hoá 1998
Ämnen:
Taggar: Lägg till en tagg
Inga taggar, Lägg till första taggen!
Thư viện lưu trữ: Trung tâm Học liệu Trường Đại học Cần Thơ
LEADER 00439nam a2200169Ia 4500
001 CTU_53279
008 210402s9999 xx 000 0 und d
082 |a 590 
082 |b H293 
100 |a D Harper 
245 0 |a Sự kỳ diệu của sinh học: Bộ xương 
245 0 |c D Harper 
260 |a H. 
260 |b Văn Hoá 
260 |c 1998 
650 |a zoology 
980 |a Trung tâm Học liệu Trường Đại học Cần Thơ